Normal view
MARC view
- Roads.
Entry Topical Term
001 - CONTROL NUMBER
- control field: 36254
003 - CONTROL NUMBER IDENTIFIER
- control field: NUST
005 - DATE AND TIME OF LATEST TRANSACTION
- control field: 20210312163948.0
008 - FIXED-LENGTH DATA ELEMENTS
- fixed length control field: 210312|| aca||aabn | a|a d
040 ## - CATALOGING SOURCE
- Original cataloging agency: NUST
- Transcribing agency: NUST
150 ## - HEADING--TOPICAL TERM
- Topical term or geographic name entry element: Roads.
- Topical term following geographic name entry element: MCE
670 ## - SOURCE DATA FOUND
- Source citation: Work cat.: (NUST): Green,Johan Wilforid 36253, The science of road making , 1927.
